000 00510nam a2200157 i 4500
001 51244
003 ES-MaACL
007 t|
008 030811s1955 sp ||||1| spa d
100 1 _aDabin, Jean.
_942398
245 1 0 _aTeoría general del derecho /
_cJean Dabin ; traducción por Francisco Javier Osset.
260 _aMadrid :
_bRevista de Derecho Privado,
_c[1955] (
_fGonzález)
300 _aXXVIII, 390 p. ;
_c23 cm.
700 1 _aOsset, Francisco Javier.
_987784
852 _aES-MaACL
_jC-9500
_bR.37936
999 _c51244
_d51244